Is This Real Life? Quiz Stats

Quiz not verified by Sporcle

Challenge
Share
Tweet
Score 0/30 Timer 10:00
0 Plays Today
% Correct
Real
82.7%
Real
82.6%
Model
80.4%
Real
76.2%
Real
72.3%
Real
69.3%
Model
66.1%
Real
63.8%
Real
61.4%
Model
61.1%
Model
60.4%
Model
59.4%
Real
56%
Model
53.2%
Real
48.9%
% Correct
Real
46.8%
Model
46.6%
Model
46.1%
Model
45%
Model
44.2%
Model
44%
Model
41.6%
Real
39.9%
Real
35.9%
Model
29.3%
Model
27.6%
Real
24.8%
Model
22.5%
Real
20.6%
Real
16.8%

You're not logged in!

Compare scores with friends on all Sporcle quizzes.
Sign Up with Email
OR
Log In

You Might Also Like...

Show Comments

Extras

Top Quizzes Today


Score Distribution

Your Account Isn't Verified!

In order to create a playlist on Sporcle, you need to verify the email address you used during registration. Go to your Sporcle Settings to finish the process.